Information technology (Record no. 3105)

MARC details
000 -LEADER
fixed length control field 00396nam a22001697a 4500
005 - DATE AND TIME OF LATEST TRANSACTION
control field 20160618125905.0
008 - FIXED-LENGTH DATA ELEMENTS--GENERAL INFORMATION
fixed length control field 160618b xxu||||| |||| 00| 0 eng d
020 ## - INTERNATIONAL STANDARD BOOK NUMBER
ISBN 978-0-07-463558-2
041 ## - LANGUAGE CODE
Language code of text/sound track or separate title eng
082 ## - DEWEY DECIMAL CLASSIFICATION NUMBER
Item number 8146
100 ## - MAIN ENTRY--AUTHOR NAME
Personal name Curtun, Dennis P and Others
245 ## - TITLE STATEMENT
Title Information technology
260 ## - PUBLICATION, DISTRIBUTION, ETC. (IMPRINT)
Name of publisher TMH
Year of publication 2010
300 ## - PHYSICAL DESCRIPTION
Number of Pages 295
650 ## - SUBJECT ADDED ENTRY--TOPICAL TERM
Topical Term Management
942 ## - ADDED ENTRY ELEMENTS (KOHA)
Koha item type Books
Holdings
Lost status Damaged status Collection code Home library Current library Shelving location Date acquired Source of acquisition Full call number Accession Number Koha item type
    CS/IT JRU Library JRU Library SHELF-48-D 18/06/2016 PURCHASE 004 8146 Books
    CS/IT JRU Library JRU Library SHELF-48-D 18/06/2016 PURCHASE 004 8147 Books
    PHARMACY JRU Library JRU Library Shelf - 25- H 18/06/2016 PURCHASE 8146 8148 Books
    CS/IT JRU Library JRU Library SHELF-48-D 18/06/2016 PURCHASE 004 8149 Books
    CS/IT JRU Library JRU Library SHELF-48-D 18/06/2016 PURCHASE 004 8150 Books
    CS/IT JRU Library JRU Library SHELF-48-D 18/06/2016 PURCHASE 004 8151 Books